NPB阪神タイガース 支配下登録選手 - Statistics

General Stats
  • This quiz has been taken 269 times
  • The average score is 41 of 69
Answer Stats
登録日 ポジション 背番号 Answer % Correct
1月26日 内野手 8 佐藤 輝明
98%
7月22日 投 手 98 佐藤 蓮
98%
1月26日 捕 手 2 梅野 隆太郎
96%
1月26日 内野手 3 大山 悠輔
96%
1月26日 捕 手 12 坂本 誠志郎
95%
1月26日 外野手 1 森下 翔太
94%
1月26日 外野手 5 近本 光司
93%
1月26日 内野手 51 中野 拓夢
91%
1月26日 投 手 13 岩崎 優
88%
1月26日 内野手 0 木浪 聖也
87%
1月26日 投 手 15 西 純矢
83%
1月26日 投 手 16 西 勇輝
83%
1月26日 投 手 41 村上 頌樹
83%
1月26日 投 手 35 才木 浩人
81%
1月26日 外野手 58 前川 右京
79%
1月26日 内野手 4 熊谷 敬宥
77%
1月26日 投 手 00 J.ゲラ
76%
1月26日 外野手 7 S.ノイジー
76%
1月26日 投 手 69 石井 大智
75%
1月26日 内野手 38 小幡 竜平
74%
1月26日 投 手 27 伊藤 将司
73%
1月26日 投 手 47 桐敷 拓馬
72%
1月26日 外野手 55 J.ミエセス
72%
1月26日 投 手 17 青柳 晃洋
70%
1月26日 内野手 33 糸原 健斗
70%
1月26日 内野手 94 原口 文仁
70%
1月26日 投 手 49 大竹 耕太郎
67%
1月26日 内野手 62 植田 海
67%
7月22日 投 手 29 髙橋 遥人
67%
1月26日 投 手 14 岩貞 祐太
65%
1月26日 捕 手 39 榮枝 裕貴
65%
1月26日 内野手 25 渡邉 諒
65%
1月26日 外野手 53 島田 海吏
65%
1月26日 投 手 99 J.ビーズリー
64%
1月26日 外野手 60 小野寺 暖
64%
1月26日 捕 手 57 長坂 拳弥
59%
1月26日 捕 手 68 中川 勇斗
58%
1月26日 投 手 65 湯浅 京己
54%
12月15日 投 手 34 漆原 大晟
53%
1月26日 投 手 19 下村 海翔
52%
1月26日 外野手 32 井上 広大
50%
1月26日 投 手 20 森木 大智
48%
1月26日 投 手 37 及川 雅貴
48%
1月26日 投 手 46 島本 浩也
46%
1月26日 内野手 52 山田 脩也
46%
1月26日 投 手 50 富田 蓮
44%
12月15日 投 手 18 馬場 皐輔
43%
1月26日 外野手 61 豊田 寛
41%
1月26日 外野手 97 野口 恭佑
41%
1月26日 投 手 36 浜地 真澄
39%
1月26日 投 手 64 岡留 英貴
39%
1月26日 捕 手 59 藤田 健斗
39%
1月26日 投 手 21 秋山 拓巳
38%
1月26日 捕 手 95 片山 雄哉
38%
1月26日 投 手 30 門別 啓人
37%
1月26日 内野手 67 髙寺 望夢
36%
1月26日 投 手 93 岩田 将貴
35%
1月26日 投 手 26 椎葉 剛
34%
1月26日 内野手 45 遠藤 成
33%
1月26日 外野手 40 井坪 陽生
33%
1月26日 投 手 28 鈴木 勇斗
32%
7月22日 投 手 92 川原 陸
31%
1月26日 投 手 54 加治屋 蓮
30%
1月26日 投 手 63 石黒 佑弥
29%
1月26日 外野手 43 髙濱 祐仁
28%
1月26日 内野手 56 百﨑 蒼生
26%
1月26日 内野手 44 戸井 零士
25%
1月26日 投 手 48 茨木 秀俊
22%
1月26日 投 手 66 津田 淳哉
22%
No matching quizzes found
Score Distribution
Percent of People with Each Score
Percentile by Number Answered
Your Score History
You have not taken this quiz